UK Cities Map - Statistics

General Stats
  • This quiz has been taken 4,318 times
    4,057 since last reset
  • The average score is 45 of 76
Answers on the Map
Answers color-coded by a green-red scale on the quiz's map according to % correct below.
 
Answer Stats
Country City % Correct
England City of London
96%
England Westminster
96%
England Manchester
93%
England Salford
93%
Scotland Glasgow
91%
England Liverpool
91%
Wales Cardiff
90%
Scotland Edinburgh
90%
England Birmingham
88%
England Newcastle upon Tyne
86%
Northern Ireland Belfast
85%
England Bristol
83%
Scotland Aberdeen
82%
England Leeds
82%
England Oxford
81%
England Brighton and Hove
79%
England Cambridge
79%
England Plymouth
77%
Wales Swansea
77%
England York
77%
England Southampton
76%
England Norwich
75%
England Nottingham
74%
England Portsmouth
72%
England Sheffield
72%
Scotland Inverness
71%
England Leicester
71%
England Kingston upon Hull
69%
Northern Ireland Derry
68%
England Exeter
68%
England Bath
66%
Scotland Dundee
66%
England Sunderland
61%
England Coventry
60%
England Carlisle
59%
England Chester
59%
England Derby
59%
England Bradford
57%
Wales Newport
57%
England Wolverhampton
57%
England Durham
55%
England Gloucester
55%
England Lincoln
54%
England Stoke-on-Trent
53%
England Canterbury
52%
Wales Wrexham
51%
England Lancaster
50%
England Truro
49%
England Worcester
49%
Scotland Perth
48%
England Southend-on-Sea
48%
England Colchester
46%
Northern Ireland Bangor
45%
Wales Bangor
45%
Scotland Stirling
45%
England Peterborough
44%
England Preston
44%
England Milton Keynes
43%
Wales St David's
41%
England Winchester
41%
England Doncaster
40%
England Hereford
40%
England Ely
36%
England Salisbury
35%
England Chichester
34%
Northern Ireland Armagh
33%
England Chelmsford
33%
England St Albans
33%
England Wakefield
33%
Scotland Dunfermline
31%
England Wells
30%
Northern Ireland Newry
28%
England Ripon
28%
Northern Ireland Lisburn
27%
Wales St Asaph
26%
England Lichfield
25%
No matching quizzes found
Score Distribution
Percent of People with Each Score
Percentile by Number Answered
Your Score History
You have not taken this quiz since the last reset